LEADER 01132nam a2200265 4500 001 000000353670 003 CaOOAMICUS 005 20231102165655.0 008 230508s1987 xxk 000 u eng r 020 $a0-7073-0519-5 040 $aSeMil$bita 100 1 $aFiddes, Victor H.$0(OLS)http://semarc/name/117536 245 10$aScience and the gospel /$cVictor H. Fiddes. 264 1$aEdinburgh :$bScottish Academic Press,$c1987. 300 $aXII, 113 p. ;$c23 cm 490 1 $aTheology and science at the frontiers of knowledge ;$v7 650 4$aScienza e religione.$0(OLS)http://semarc/subject/40428 830 0$aTheology and science at the frontiers of knowledge ;$v7.$0(OLS)http://semarc/title/443720 850 $aSeMil 852 $aSeMil$W1$xVenegono$y1$m2B IV 234$j241530$B244891$CSeMilBibl$Z2$F244891 $81 961 $aPolezzo Stefanin - Lascito 996 $6020$a0-7073-0519-5$9(OLS)http://semarc/number/298083 996 $6245$aScience and the gospel$9(OLS)http://semarc/title/443780 996 $6264$aEdinburgh :$bScottish Academic Press$9(OLS)http://semarc/publisher/60956 LEADER 02125nam a2200313 i 4500 001 000000031989 003 CaOOAMICUS 005 20230223145359.0 008 180830s1759 gw u000 u lat u 040 $aSeMil$bita 100 0 $aThomas : a Kempis,$d.$0(OLS)http://semarc/name/11742 240 00$aDe imitatione Christi libri quatuor.$0(OLS)http://semarc/title/352909 245 10$aVen. viri Thomae Malleoli a Kempis canonici regularis ordinis d. Augustini, Opera Omnia: ad autographa ejusdem emendata, aucta, & in tres tomos distribuita. Opera ac studio r.p. Henrici Sommalii è Soc. Jesu. 250 $aEditio novissima, a pluribus mendis expurgata, cui annexum est Scutum Kempense seu Vindiciae IV. librorum de imitatione Christi, .. Eusebio Amort, .. 264 1$aColoniae Agrippinae :$bApud Viduam Joan. Wilh. Krakamp, & Haeredes Christiani Simonis bibliop. ;$aEt Coloniae Agrippinae :$bApud Marcum-Michaelem Bousquet & Socios,$c1759. 300 $a3 v. ;$c4°. 500 $aIniz. xilogr. - Testo su due colonne. - Posseduto solo il vol. 1. 650 4$aDe imitatione Christi.$0(OLS)http://semarc/subject/4776 700 1 $aAmort, Eusebius,$d<1692-1775>.$0(OLS)http://semarc/name/14756 700 1 $aSommalius, Henricus,$d<1534-1619>.$0(OLS)http://semarc/name/14757 700 1 $aKrakamp, Johann Wilhelm,$c.$0(OLS)http://semarc/name/14758 700 1 $aBousquet, Marc Michel & C.,$c.$0(OLS)http://semarc/name/5597 774 0 $t[1].$w()242440 900 1 $aThomas : von Kempen. 996 $6245$aVen. viri Thomae Malleoli a Kempis canonici regularis ordinis d. Augustini, Opera Omnia: ad autographa ejusdem emendata, aucta, & in tres tomos distribuita. Opera ac studio r.p. Henrici Sommalii è Soc. Jesu$9(OLS)http://semarc/title/43399 996 $6264$aColoniae Agrippinae :$bApud Viduam Joan. Wilh. Krakamp, & Haeredes Christiani Simonis bibliop.$9(OLS)http://semarc/publisher/39115 996 $6264$aEt Coloniae Agrippinae :$bApud Marcum-Michaelem Bousquet & Socios$9(OLS)http://semarc/publisher/39116